Chile (Record no. 11783)
[ view plain ]
| 000 -LEADER | |
|---|---|
| campo de control de longitud fija | 00810nam a2200229 i 4500 |
| 001 - NÚMERO DE CONTROL | |
| campo de control | 11783 |
| 003 - IDENTIFICADOR DE NÚMERO DE CONTROL | |
| campo de control | ES-MaACL |
| 005 - FECHA Y HORA DE LA ÚLTIMA TRANSACCIÓN | |
| campo de control | 20250707040003.0 |
| 007 - CAMPO FIJO DE DESCRIPCIÓN FÍSICA--INFORMACIÓN GENERAL | |
| campo de control de longitud fija | t| |
| 008 - DATOS DE LONGITUD FIJA--INFORMACIÓN GENERAL | |
| campo de control de longitud fija | 961104s1913 xxkbf ||||1| eng d |
| 100 1# - ENTRADA PRINCIPAL--NOMBRE DE PERSONA | |
| Nombre de persona | Elliot, G. F. Scott. |
| 9 (RLIN) | 47030 |
| 245 10 - MENCIÓN DEL TÍTULO | |
| Título | Chile |
| Resto del título | : its history and development natural features, products, commerce and present conditions / |
| Mención de responsabilidad, etc. | by G. F. Scott Elliot ; with an introduction by Martin Hume. |
| 250 ## - MENCION DE EDICION | |
| Mención de edición | 1st ed., 4th imp. |
| 260 ## - PUBLICACIÓN, DISTRIBUCIÓN, ETC. | |
| Lugar de publicación, distribución, etc. | London : |
| Nombre del editor, distribuidor, etc. | T. Fisher Unwin, |
| Fecha de publicación, distribución, etc. | [1913] |
| 300 ## - DESCRIPCIÓN FÍSICA | |
| Extensión | XXVIII, 363 p., 39 h. de lám., 1 h. map. pleg. ; |
| Dimensiones | 23 cm. |
| 504 ## - NOTA DE BIBLIOGRAFÍA, ETC. | |
| Nota de bibliografía, etc. | Bibliografía: p. 351-363. |
| 651 #4 - PUNTO DE ACCESO ADICIONAL DE MATERIA--NOMBRE GEOGRÁFICO | |
| Nombre geográfico | Chile- |
| Subdivisión general | Descripción. |
| 9 (RLIN) | 143280 |
| 700 1# - ENTRADA AGREGADA--NOMBRE PERSONAL | |
| Nombre de persona | Hume, Martin, |
| Fechas asociadas al nombre | 1847-1910 |
| 9 (RLIN) | 64726 |
| 852 ## - LOCALIZACIÓN | |
| Ubicación | ES-MaACL |
| Número de control de estantería | G-4157 |
| 852 ## - LOCALIZACIÓN | |
| Ubicación | ES-MaACL |
| Número de control de estantería | D-1110 |
| Estatus retirado | Estado de pérdida | Estado de daño | No para préstamo | Biblioteca de origen | Biblioteca actual | Ubicación en estantería | Fecha de adquisición | Fuente de adquisición | Total de préstamos | Signatura topográfica completa | Código de barras | Visto por última vez | Precio de reemplazo | Tipo de ítem Koha |
|---|---|---|---|---|---|---|---|---|---|---|---|---|---|---|
| Biblioteca del Ateneo de Madrid | Biblioteca del Ateneo de Madrid | Sala Valle Inclán | 17/01/2008 | D-1110 | 901012009 | 23/02/2023 | 23/02/2023 | Libro impreso | ||||||
| Biblioteca del Ateneo de Madrid | Biblioteca del Ateneo de Madrid | Depósito 2 | 17/01/2008 | G-4157 | 1012008 | 23/02/2023 | 23/02/2023 | Libro impreso |
